Risultati Serie A 2023-2024 - 9ª giornata - Statistics

Statistiche generali
  • Questo quiz è stato fatto 6 volte
  • Il punteggio medio è 4 su 10
Statistiche sulle risposte
Hint Risposta % Corretto
Milan-Juventus 0-1
67%
Torino-Inter 0-3
67%
Roma-Monza 1-0
50%
Atalanta-Genoa 2-0
50%
Bologna-Frosinone 2-1
50%
Sassuolo-Lazio 0-2
33%
Udinese-Lecce 1-1
33%
Verona-Napoli 1-3
33%
Fiorentina-Empoli 0-2
0%
Salernitana-Cagliari 2-2
0%
Nessun quiz corrispondente trovato
Distribuzione punteggi
Percentuale di utenti per punteggio
Percentile per numero di risposta
I tuoi punteggi nel tempo
Non hai fatto questo quiz